000
00306nam a22001337a 4500
008
170609b xxu||||| |||| 00| 0 eng d
020
_a
9780673398888
041
_a
eng
080
_2
5TH
_a
32
100
_a
19
101
_a
SHP
245
_a
THE AMERICAN POLITICAL SYSTEM
_c
GREENBERG,E.S
942
_2
udc
_c
BK
999
_c
16642
_d
16642